Score 0/36 Timer 06:00
1 Play Today
% Correct
Provide 4-letter words in this music-themed ladder.
100%
A 5-letter ladder related to simple biology concepts.
100%
Give the 4-letter answers to the city-themed trivia.
100%
Provide missing 3-letter words in animal names.
100%
A baseball-themed ladder with 4-letter words.
100%
Fill in the missing 4-letter words from these titles.
100%
Rat
94.7%
Good
93.3%
Bat
92.3%
Jean
92.2%
Lord
92%
Ray
91.1%
Jay
89.4%
Grass
89.3%
Base
89.2%
Cuba
88.3%
Glass
86.7%
John
86.2%
% Correct
Babe
82.7%
Sean
81.9%
Clams
81.1%
Game
80.3%
Cubs
80.2%
Food
79.6%
Seal
78.8%
Class
78.1%
Joan
77.6%
Ford
76.1%
Loud
76%
Cabs
72%
Grasp
69.9%
Gabe
68.2%
Cabo
66.8%
Fame
64.5%
Jar
38.4%
Juba
38.1%
Remove Ads.
Support Sporcle.
Get the best of Sporcle when you Go Orange. This ad-free experience offers more features, more stats, and more fun while also helping to support Sporcle. Thank you for becoming a member.

You're not logged in!

Compare scores with friends on all Sporcle quizzes.
OR
Log In

Show Comments

Extras

Top Quizzes Today


Score Distribution

Your Account Isn't Verified!

In order to create a playlist on Sporcle, you need to verify the email address you used during registration. Go to your Sporcle Settings to finish the process.

Report this User

Report this user for behavior that violates our Community Guidelines.

Details: